AH International Schools' Libraries

So light, so heavy / (Record no. 49223)

MARC details
000 -LEADER
fixed length control field 00311nam a2200109 4500
020 ## - INTERNATIONAL STANDARD BOOK NUMBER
International Standard Book Number 9781580898492
100 ## - MAIN ENTRY--PERSONAL NAME
Personal name Strasser, Susanne
9 (RLIN) 86495
245 ## - TITLE STATEMENT
Title So light, so heavy /
Statement of responsibility, etc Susanne Strasser
260 ## - PUBLICATION, DISTRIBUTION, ETC. (IMPRINT)
Place of publication, distribution, etc Watertown, MA
Name of publisher, distributor, etc Charlesbridge Publishing
Date of publication, distribution, etc 2018
300 ## - PHYSICAL DESCRIPTION
Extent unpaged.
Other physical details col. ill.
Dimensions 18 cm.
942 ## - ADDED ENTRY ELEMENTS (KOHA)
Source of classification or shelving scheme
Koha item type Board Book
Holdings
Withdrawn status Lost status Source of classification or shelving scheme Damaged status Not for loan Collection code Home library Current library Shelving location Date acquired Total Checkouts Full call number Barcode Checked out Date last seen Date checked out Price effective from Koha item type
          TEACHERS' RESOURCES Asian Hope Early Years Library Asian Hope Early Years Library Easy Reading 08/11/2025 1 BB E STR 208887 04/06/2026 04/06/2026 04/06/2026 08/11/2025 Board Book

For any Logos Library related questions please contact Miss Art at swongnarasuk@asianhope.org.

For any Asian Hope Library related questions please contact Miss Raza at graza@asianhope.org.

Powered by Koha